Statistics for Countries Visited on "The Challenge"

Click here to take the quiz!

General Stats

  • This quiz has been taken 26 times
    (8 since last reset)
  • The average score is 18 of 27

Answer Stats

Times VisitedCountry% Correct
5Mexico
100%
3Argentina
88%
3Canada
88%
2South Africa
88%
6United States
88%
1Australia
75%
1Austria
75%
1Chile
75%
1Dominican Republic
75%
2Germany
75%
1Iceland
75%
2New Zealand
75%
1Norway
75%
2Panama
75%
1Spain
75%
4Thailand
75%
1United Kingdom
75%
1Uruguay
75%
1Brazil
63%
2Turkey
63%
1Colombia
50%
4Czech Republic
50%
1Costa Rica
38%
1Jamaica
38%
1Gibraltar
13%
2Namibia
13%
1Trinidad and Tobago
13%

Score Distribution

Percentile by Number Answered

Percent of People with Each Score

Your Score History

You have not taken this quiz since the last reset